| 000 | 01266nam a22002897a 4500 | ||
|---|---|---|---|
| 003 | dpl | ||
| 005 | 20180629125044.0 | ||
| 008 | 180629b xxu||||| |||| 00| 0 eng d | ||
| 010 | _aA-958031 | ||
| 020 |
_c250.00 _a8185256071 |
||
| 035 | _aA-958031, A-958038 | ||
| 037 | _bCen Lib/Ret | ||
| 040 |
_aDPL _bHN _c0 |
||
| 082 |
_aउ _bहेमिंग्वे |
||
| 100 |
_aहेमिंग्वे, अर्नेस्ट _945019 |
||
| 245 |
_aअलविदा हथियार / _cअर्नेस्ट हेमिंग्वे; अनुवादक गुरचरण सिंह |
||
| 246 |
_aAlvida hathiyar / _bby Ernest Heminghway; Gurcharan Singh |
||
| 260 |
_aनयी दिल्ली _bविद्यार्थी प्रकाशन _c1998 |
||
| 270 |
_aके-71, कृष्णानगर _bनयी दिल्ली _e110051 |
||
| 300 |
_a274पृ. _c21सेमी (सजिल्द) |
||
| 650 |
_aहिन्दी साहित्य _951997 |
||
| 650 |
_aहिन्दी उपन्यास _951998 |
||
| 650 |
_aHindi literature _951999 |
||
| 650 |
_aHindi novel _952000 |
||
| 700 |
_aसिंह, गुरचरण _951984 |
||
| 942 |
_2ddc _cHN _hउ _mहेमिंग्वे |
||
| 999 |
_c113384 _d113384 |
||